| 000 | 00541nam a22001697a 4500 | ||
|---|---|---|---|
| 003 | OSt | ||
| 005 | 20250219121906.0 | ||
| 008 | 250219b |||||||| |||| 00| 0 eng d | ||
| 082 |
_a294.592 _bSHAG |
||
| 100 | _aSharma, Ram Kripalu | ||
| 245 | _aGranth Parijat : A Classified Catalogue of Hindi Manusripts in Shree Sanjay Sharma Museum & Research Institute, Vol-1 | ||
| 260 |
_aJaipur _b Shree Sanjay Sharma Museum & Research Institute, Jaipur |
||
| 300 | _a428p. | ||
| 546 | _aHindi | ||
| 651 | _aHinduism- sacred book | ||
| 942 |
_2ddc _cBK |
||
| 999 |
_c3717 _d3717 |
||